Normal view MARC view

Entry Corporate Name

Number of records used in: 2568

001 - CONTROL NUMBER

  • control field: 34811

003 - CONTROL NUMBER IDENTIFIER

  • control field: dpl

005 - DATE AND TIME OF LATEST TRANSACTION

  • control field: 20110923141330.0

008 - FIXED-LENGTH DATA ELEMENTS

  • fixed length control field: 110923|||a|||||| | ||| d

040 ## - CATALOGING SOURCE

  • Original cataloging agency: dpl
  • Transcribing agency: dpl

110 ## - HEADING--CORPORATE NAME

  • Corporate name or jurisdiction name as entry element: अकी़ल कै़स

670 ## - SOURCE DATA FOUND

  • Source citation: Work cat.: (dpl): 23632 ओमवेट,गेल, दलित दृष्टि /, 2011

670 ## - SOURCE DATA FOUND

  • Source citation: Work cat.: (dpl): 23632 ओमवेट,गेल, दलित दृष्टि /, 2011

© Delhi Public Library
Hit Counter
free hit counter